000 00612nmm a2200169Ia 4500
008 251105s9999||||xx |||||||||||||||||und||
020 _a9788484891659
041 _aspa
100 _aVangehuchten, Lieve
245 0 _aEl léxico del discurso económico empresarial :
_b Identificación, selección y enseñanza en Español como Lengua Extranjera con fines específicos
264 _a[Madrid, España] :
_bIberoamericana Vervuert,
_c2005
300 _a780 páginas
490 _aLingüística Iberoamericana
650 _aLexicology
856 _uhttps://public.digitaliapublishing.com/a/18325
942 _cCF
999 _c86533
_d86533